| 000 | 01700cam a2200373 i 4500 | ||
|---|---|---|---|
| 003 | SA-RiAUC | ||
| 005 | 20250706172051.0 | ||
| 008 | 250703s2008____le f b 00000 ara c | ||
| 020 | _a9789953816838 | ||
| 040 |
_aQA-DoFIS _bara _cSA-RiAUC. _erda |
||
| 082 | 0 | 4 |
_a251.15 _qSA-RiAUC |
| 090 | 4 |
_a251.15 _bش ن ق |
|
| 100 | 1 |
_aالشنقيطي، محمد الأمين بن محمد المختار بن عبد القادر، _d1907-1973 _eمؤلف. |
|
| 245 | 1 | 2 |
_aالاجتهاد وتطبيقاته المعاصرة في مجال الأسواق المالية / _cمحمد الأمين ولد عالي الشنقيطي. |
| 250 | _aالطبعة الأولى. | ||
| 264 | 1 |
_aبيروت : _bدار ابن حزم للطباعة والنشر والتوزيع، _c2008 |
|
| 300 |
_a471 صفحة ؛ _c24 سم |
||
| 336 |
_aنص _btxt _2rdacontent _3كتاب |
||
| 337 |
_aبدون وسيط _bn _2rdamedia |
||
| 338 |
_aمجلد _bnc _2rdacarrier |
||
| 500 | _aالأصل أطروحة ماجستير. | ||
| 500 | _aغلاف مصور. | ||
| 500 | _aالأصل أطروحة ماجستيرفي الدراسات الإسلامية، جامعة المقاصد، بيروت. | ||
| 504 | _aيشتمل على إرجاعات ببليوجرافية. | ||
| 504 | _aببليوجرافية : صفحة 456-468. | ||
| 563 | _aتجليد سلوفان. | ||
| 650 | 7 |
_aالاجتهاد (أصول فقه) _2aucsh |
|
| 650 | 7 |
_aالبورصات (فقه إسلامي) _2aucsh |
|
| 650 | 7 |
_aالضرورة (فقه إسلامي) _2aucsh |
|
| 650 | 7 |
_aأصول الفقه الإسلامي _2aucsh |
|
| 650 | 7 |
_aالفقه الإسلامي _2aucsh |
|
| 942 |
_2ddc _cBOOK _n0 |
||
| 949 |
_aSA-JeALM _d250703 _uosman123 _n1 |
||
| 999 |
_c9553 _d9553 |
||